Open Data Biblioteca Nacional de Portugal


República Portuguesa: Ministério da Cultura
Biblioteca Nacional de Portugal

Catálogo da BNP: acesso por Identificadores Unívocos
Registos Bibliográficos associados ao registo de autoridade

Etiqueta de registo: 00000nkm 2200025 450
001 2263967
003 http://id.bnportugal.gov.pt/bib/catbnp/2263967
100 ## $a20260210d1986 m y0pory01030103ba
101 0# $apor
102 ## $aPT
200 1# $aAcademia da Força Aérea, Concurso de admissão para pilotos aviadores$bVisual gráfico]$fCentro de Recrutamento da Força Aérea$gBelmiro
210 #9 $a[S.l.]$cCentro de Recrutamento da Força Aérea,$d1986$e[S.l.] :$gCentral de Publicações da Força Aérea)
215 ## $a1 cartaz$ccolor.$d68,5x48 cm
317 ## $aColeção Madeira Luís
330 ## $aImagem do cartaz com ilustração da perspectiva do interior de um cockpit
675 ## $a766(=1:469)"198"(084.5)$vBN$zpor$31908448
702 #1 $aBelmiro$4440$31984424
710 02 $aCentro de Recrutamento da Força Aérea$31984416
801 #0 $aPT$bBN$gRPC
966 ## $lBN$mICONOG$sCT. 20052 A.$x3
971 ## $cCaticonografia5$d20260210
995 ## $aPRR2026 $d20260210$iCaticonografia5

Etiqueta de registo: 00000nkm 2200025 450
001 2263873
003 http://id.bnportugal.gov.pt/bib/catbnp/2263873
100 ## $a20260210d1988 m y0pory01030103ba
101 0# $apor
102 ## $aPT
200 1# $aForça Aérea, 36º aniversário, Coimbra, 1988$bVisual gráfico]$fForça Aérea$gBelmiro
210 #9 $a[Lisboa]$cCentral de Publicações da Força Aérea,$d1988$e[Lisboa] :$gCentral de Publicações da Força Aérea)
215 ## $a1 cartaz$ccolor.$d67,5x47,7 cm
303 ## $aExposição aeronáutica 3-10 julho, festival aéreo 10 julho em Coimbra
317 ## $aColeção Madeira Luís
675 ## $a766(=1:469)"1988"(084.5)$vBN$zpor$31811746
702 #1 $aBelmiro$4440$31984424
710 02 $aAniversário da Força Aérea Portuguesa,$d36,$eCoimbra,$f1988$31985647
712 01 $aPortugal.$bForça Aérea$4557$3136437
801 #0 $aPT$bBN$gRPC
966 ## $lBN$mICONOG$sCT. 20046 A.$x3
971 ## $cCaticonografia5$d20260210
972 ## $d20260214$e1$vfpinelo $z0
995 ## $aPRR2026 $d20260210$iCaticonografia5

Etiqueta de registo: 00000nkm 2200025 450
001 2263940
003 http://id.bnportugal.gov.pt/bib/catbnp/2263940
100 ## $a20260210d1987 m y0pory01030103ba
101 0# $apor
102 ## $aPT
200 1# $aForça Aérea, 35º aniversário, Setúbal, Montijo BA6,1987$bVisual gráfico]$fForça Aérea$gBelmiro 87
210 #9 $a[Lisboa]$cCentral de Publicações da Força Aérea,$d1987$e[Lisboa] :$gCentral de Publicações da Força Aérea)
215 ## $a1 cartaz$ccolor.$d68,8x46,7 cm
303 ## $aExposição aeronáutica, Setúbal, 20 a 28 junho, festival aéreo internacional, Montijo (BA6) 28 junho
317 ## $aColeção Madeira Luís
675 ## $a766(=1:469)"198"(084.5)$vBN$zpor$31302430
702 #1 $aBelmiro$4440$31984424
710 02 $aAniversário da Força Aérea Portuguesa,$d35,$eSetúbal, Montijo$f1987$31985648
712 01 $aPortugal.$bForça Aérea$4557$3136437
801 #0 $aPT$bBN$gRPC
966 ## $lBN$mICONOG$sCT. 20049 A.$x3
971 ## $cCaticonografia5$d20260210
972 ## $d20260214 $e1$vfpinelo $z0
995 ## $aPRR2026 $d20260210$iCaticonografia5

OpendataBNP@bnportugal.pt | Mais informação sobre acesso aos dados BNP